[Event "8th Ali Ipek Tournament 2020"]
[Site "Ankara"]
[Date "2020.03.07"]
[Round "5.17"]
[White "Simsek, Ayaz"]
[Black "Nazli, Sertan"]
[Result "1/2-1/2"]
[WhiteElo "1055"]
[BlackElo "1745"]
[Annotator "NA RC"]
[PlyCount "71"]
[EventDate "2020.03.04"]
[EventType "swiss"]
[EventCountry "TUR"]
[SourceTitle "playchess.com"]
[Source "ChessBase"]
[SourceQuality "1"]
[TimeControl "5400+30"]

1. e4 {[%emt 0:00:30]} e5 {[%emt 0:00:30]} 2. Nf3 {[%emt 0:00:30]} Nc6 {[%emt 0:00:30]} 3. Bb5 {[%emt 0:00:00]} a6 {[%emt 0:00:30]} 4. Ba4 {[%emt 0:00:00]} Nf6 {[%emt 0:00:00]} 5. d3 {[%emt 0:00:00]} b5 {[%emt 0:00:00]} 6. Bb3 {[%emt 0:00:00]} Be7 {[%emt 0:00:00]} 7. c3 {[%emt 0:00:30]} d6 {[%emt 0:00:00]} 8. O-O {[%emt 0:00:30]} O-O {[%emt 0:00:00]} 9. Nbd2 {[%emt 0:00:30]} Na5 {[%emt 0:00:00]} 10. Bc2 {[%emt 0:00:30]} c5 {[%emt 0:00:00]} 11. Re1 {[%emt 0:00:30]} Nc6 {[%emt 0:00:00]} 12. Nf1 {[%emt 0:00:30]} h6 {[%emt 0:01:30]} 13. Ng3 {[%emt 0:00:30]} Re8 {[%emt 0:00:00]} 14. Be3 {[%emt 0:00:30]} Be6 {[%emt 0:01:00]} 15. d4 {[%emt 0:02:30]} cxd4 {[%emt 0:01:30]} 16. cxd4 {[%emt 0:00:30]} Bg4 {[%emt 0:00:30]} 17. dxe5 {[%emt 0:02:30]} Nxe5 {[%emt 0:05:30]} 18. Bf4 {[%emt 0:03:30]} Bf8 {[%emt 0:03:30]} 19. Bxe5 {[%emt 0:01:30]} dxe5 {[%emt 0:00:30]} 20. h3 {[%emt 0:00:30]} Be6 {[%emt 0:14:30]} 21. Nxe5 {[%emt 0:03:30]} Bd6 {[%emt 0:06:30]} 22. Nc6 {[%emt 0:04:30]} Qc7 {[%emt 0:01:30]} 23. e5 {[%emt 0:02:30]} Bc5 {[%emt 0:00:30]} 24. exf6 {[%emt 0:01:30]} Qxg3 {[%emt 0:05:30]} 25. Nd4 {[%emt 0:12:30]} Qh4 {[%emt 0:13:30]} 26. Qd3 {[%emt 0:14:30]} Qxf6 {[%emt 0:04:30]} 27. Nf3 {[%emt 0:04:30]} g6 {[%emt 0:00:30]} 28. Qc3 {[%emt 0:03:30]} Qxc3 {[%emt 0:06:30]} 29. bxc3 {[%emt 0:00:30]} Ba3 {[%emt 0:01:30]} 30. Rab1 {[%emt 0:02:30]} Rac8 {[%emt 0:01:30]} 31. Re3 {[%emt 0:04:30]} b4 {[%emt 0:01:30]} 32. cxb4 {[%emt 0:01:30]} Rxc2 {[%emt 0:03:30]} 33. Rxa3 {[%emt 0:00:30]} Bxa2 {[%emt 0:00:00]} 34. Re1 {[%emt 0:03:30]} Rb8 {[%emt 0:03:00]} 35. Re4 {[%emt 0:04:30]} Bc4 {[%emt 0:03:30]} 36. Ne5 {[%emt 0:03:30]} 1/2-1/2

[Event "8th Ali Ipek Tournament 2020"]
[Site "Ankara"]
[Date "2020.03.07"]
[Round "5.18"]
[White "Banci, Dogancan"]
[Black "Bayramiclilar, Yusuf Ruzgar"]
[Result "1/2-1/2"]
[WhiteElo "1634"]
[BlackElo "1435"]
[Annotator "NA RC"]
[PlyCount "121"]
[EventDate "2020.03.04"]
[EventType "swiss"]
[EventCountry "TUR"]
[SourceTitle "playchess.com"]
[Source "ChessBase"]
[SourceQuality "1"]
[TimeControl "5400+30"]

1. e4 {[%emt 0:00:30]} c5 {[%emt 0:00:30]} 2. Nc3 {[%emt 0:00:00]} e6 {[%emt 0:00:00]} 3. Nf3 {[%emt 0:01:00]} Nc6 {[%emt 0:00:00]} 4. d4 {[%emt 0:00:00]} cxd4 {[%emt 0:00:30]} 5. Nxd4 {[%emt 0:00:00]} a6 {[%emt 0:00:00]} 6. Be3 {[%emt 0:11:30]} d6 {[%emt 0:00:00]} 7. Be2 {[%emt 0:03:30]} Nf6 {[%emt 0:00:30]} 8. O-O {[%emt 0:02:30]} Be7 {[%emt 0:00:30]} 9. a4 {[%emt 0:07:30]} O-O {[%emt 0:00:30]} 10. Kh1 {[%emt 0:03:30]} Nxd4 {[%emt 0:00:00]} 11. Bxd4 {[%emt 0:00:30]} b6 {[%emt 0:00:00]} 12. f4 {[%emt 0:08:30]} Bb7 {[%emt 0:00:30]} 13. Bf3 {[%emt 0:00:30]} Qc7 {[%emt 0:00:30]} 14. Qe1 {[%emt 0:10:30]} e5 {[%emt 0:00:30]} 15. Be3 {[%emt 0:00:30]} Bc6 {[%emt 0:01:30]} 16. Qf2 {[%emt 0:07:30]} Qb7 {[%emt 0:02:30]} 17. Bxb6 {[%emt 0:07:30]} Nxe4 {[%emt 0:00:30]} 18. Nxe4 {[%emt 0:02:30]} Bxe4 {[%emt 0:00:30]} 19. Bxe4 {[%emt 0:00:30]} Qxe4 {[%emt 0:00:00]} 20. c3 {[%emt 0:01:30]} Qc6 {[%emt 0:05:00]} 21. a5 {[%emt 0:03:30]} Rab8 {[%emt 0:01:30]} 22. Qe2 {[%emt 0:03:30]} Bd8 {[%emt 0:00:30]} 23. fxe5 {[%emt 0:05:30]} dxe5 {[%emt 0:00:30]} 24. Qxe5 {[%emt 0:02:05]} Bxb6 {[%emt 0:00:30]} 25. axb6 {[%emt 0:00:00]} Rxb6 {[%emt 0:00:00]} 26. b4 {[%emt 0:02:49]} Rb5 {[%emt 0:01:00]} 27. Qg3 {[%emt 0:02:12]} Rc8 {[%emt 0:00:30]} 28. Qf3 {[%emt 0:02:45]} Qxf3 {[%emt 0:06:30]} 29. Rxf3 {[%emt 0:00:02]} Ra8 {[%emt 0:01:30]} 30. Rd3 {[%emt 0:03:32]} Kf8 {[%emt 0:00:00]} 31. Kg1 {[%emt 0:01:15]} a5 {[%emt 0:00:00]} 32. Kf2 {[%emt 0:03:01]} g6 {[%emt 0:04:30]} 33. Re3 {[%emt 0:02:12]} Kg7 {[%emt 0:00:30]} 34. Ke2 {[%emt 0:00:22]} Rbb8 {[%emt 0:04:30]} 35. bxa5 {[%emt 0:01:09]} Rb5 {[%emt 0:00:00]} 36. a6 {[%emt 0:02:10]} Rb6 {[%emt 0:00:00]} 37. a7 {[%emt 0:00:41]} Rb7 {[%emt 0:00:30]} 38. c4 {[%emt 0:01:00]} Raxa7 {[%emt 0:00:00]} 39. Rxa7 {[%emt 0:00:15]} Rxa7 {[%emt 0:00:00]} 40. Rc3 {[%emt 0:00:19]} Kf6 {[%emt 0:00:30]} 41. Rc2 {[%emt 0:00:34]} Ke5 {[%emt 0:00:30]} 42. Kd3 {[%emt 0:01:04]} Ra3+ {[%emt 0:02:30]} 43. Ke2 {[%emt 0:00:06]} Kd4 {[%emt 0:05:30]} 44. c5 {[%emt 0:00:38]} Ra7 {[%emt 0:01:30]} 45. c6 {[%emt 0:00:40]} Rc7 {[%emt 0:00:00]} 46. Kf3 {[%emt 0:00:47]} Kd5 {[%emt 0:00:00]} 47. Kf4 {[%emt 0:00:23]} f6 {[%emt 0:02:30]} 48. Re2 {[%emt 0:00:26]} Rxc6 {[%emt 0:00:30]} 49. Re7 {[%emt 0:00:11]} h5 {[%emt 0:00:30]} 50. h4 {[%emt 0:00:54]} Rc4+ {[%emt 0:01:30]} 51. Kg3 {[%emt 0:00:06]} Rg4+ {[%emt 0:00:30]} 52. Kh3 {[%emt 0:00:07]} f5 {[%emt 0:00:30]} 53. g3 {[%emt 0:01:17]} Re4 {[%emt 0:00:30]} 54. Rg7 {[%emt 0:00:11]} Re6 {[%emt 0:00:00]} 55. Ra7 {[%emt 0:00:28]} Ke4 {[%emt 0:01:00]} 56. Ra4+ {[%emt 0:00:22]} Kf3 {[%emt 0:00:00]} 57. Ra3+ {[%emt 0:00:55]} Re3 {[%emt 0:00:00]} 58. Ra6 {[%emt 0:00:33]} Kf2 {[%emt 0:03:30]} 59. Ra2+ {[%emt 0:00:41]} Re2 {[%emt 0:00:30]} 60. Ra6 {[%emt 0:00:17]} Re3 {[%emt 0:05:30]} 61. Ra2+ {[%emt 0:00:09]} 1/2-1/2

[Event "8th Ali Ipek Tournament 2020"]
[Site "Ankara"]
[Date "2020.03.07"]
[Round "5.19"]
[White "Firat, Mehmet Bugra"]
[Black "Ari, Hasancan"]
[Result "1/2-1/2"]
[WhiteElo "1601"]
[BlackElo "1399"]
[Annotator "NA RC"]
[PlyCount "105"]
[EventDate "2020.03.04"]
[EventType "swiss"]
[EventCountry "TUR"]
[SourceTitle "playchess.com"]
[Source "ChessBase"]
[SourceQuality "1"]
[TimeControl "5400+30"]

1. e4 {[%emt 0:00:30]} c6 {[%emt 0:00:30]} 2. d4 {[%emt 0:00:30]} d5 {[%emt 0:00:30]} 3. Nc3 {[%emt 0:00:00]} dxe4 {[%emt 0:00:30]} 4. Nxe4 {[%emt 0:00:00]} Nf6 {[%emt 0:00:00]} 5. Nxf6+ {[%emt 0:04:30]} exf6 {[%emt 0:00:00]} 6. Nf3 {[%emt 0:01:30]} Bg4 {[%emt 0:01:30]} 7. Be2 {[%emt 0:01:30]} Bd6 {[%emt 0:00:30]} 8. O-O {[%emt 0:00:30]} O-O {[%emt 0:01:30]} 9. h3 {[%emt 0:03:30]} Bh5 {[%emt 0:00:30]} 10. Nh4 {[%emt 0:00:30]} Bg6 {[%emt 0:08:30]} 11. Nxg6 {[%emt 0:00:30]} fxg6 {[%emt 0:00:30]} 12. b3 {[%emt 0:00:00]} Qc7 {[%emt 0:03:30]} 13. c4 {[%emt 0:05:00]} Rd8 {[%emt 0:00:30]} 14. Bb2 {[%emt 0:02:30]} c5 {[%emt 0:01:30]} 15. d5 {[%emt 0:01:30]} Nd7 {[%emt 0:01:30]} 16. Bg4 {[%emt 0:02:30]} f5 {[%emt 0:01:30]} 17. Bf3 {[%emt 0:00:30]} Ne5 {[%emt 0:00:30]} 18. Re1 {[%emt 0:01:30]} Re8 {[%emt 0:00:30]} 19. Be2 {[%emt 0:02:30]} Nf7 {[%emt 0:04:30]} 20. Qd3 {[%emt 0:02:30]} Ng5 {[%emt 0:02:30]} 21. Bf3 {[%emt 0:01:30]} Qd7 {[%emt 0:03:30]} 22. Qc3 {[%emt 0:03:30]} Ne4 {[%emt 0:02:30]} 23. Bxe4 {[%emt 0:00:30]} fxe4 {[%emt 0:00:30]} 24. Re2 {[%emt 0:03:30]} Be5 {[%emt 0:01:30]} 25. Qc2 {[%emt 0:00:30]} Qf5 {[%emt 0:00:30]} 26. Bxe5 {[%emt 0:00:30]} Rxe5 {[%emt 0:00:30]} 27. Rae1 {[%emt 0:01:30]} Rae8 {[%emt 0:00:30]} 28. Re3 {[%emt 0:00:00]} Qf4 {[%emt 0:04:30]} 29. Qd1 {[%emt 0:02:00]} R5e7 {[%emt 0:03:30]} 30. Qe2 {[%emt 0:03:30]} Qh4 {[%emt 0:03:30]} 31. Qd2 {[%emt 0:01:30]} Qf4 {[%emt 0:01:30]} 32. Qc2 {[%emt 0:05:30]} Qh4 {[%emt 0:00:30]} 33. a3 {[%emt 0:02:30]} a5 {[%emt 0:01:30]} 34. Qd2 {[%emt 0:03:30]} Rf7 {[%emt 0:01:30]} 35. f3 {[%emt 0:01:30]} Rfe7 {[%emt 0:00:30]} 36. d6 {[%emt 0:02:30]} Rd7 {[%emt 0:03:30]} 37. Rxe4 {[%emt 0:01:30]} Rxe4 {[%emt 0:00:30]} 38. fxe4 {[%emt 0:00:00]} Rxd6 {[%emt 0:00:30]} 39. Qxa5 {[%emt 0:01:00]} Ra6 {[%emt 0:00:30]} 40. Qc3 {[%emt 0:00:30]} Rxa3 {[%emt 0:00:30]} 41. e5 {[%emt 0:00:30]} Rxb3 {[%emt 0:00:30]} 42. Qd2 {[%emt 0:00:30]} Qd4+ {[%emt 0:00:00]} 43. Qxd4 {[%emt 0:00:30]} cxd4 {[%emt 0:00:00]} 44. Rd1 {[%emt 0:00:30]} d3 {[%emt 0:00:00]} 45. Kf2 {[%emt 0:00:30]} Kf7 {[%emt 0:00:00]} 46. Ke3 {[%emt 0:00:30]} Ke6 {[%emt 0:00:30]} 47. Ke4 {[%emt 0:01:30]} b6 {[%emt 0:01:30]} 48. Kd4 {[%emt 0:03:30]} g5 {[%emt 0:02:30]} 49. Ke4 {[%emt 0:00:00]} h5 {[%emt 0:00:00]} 50. Rd2 {[%emt 0:01:00]} Rc3 {[%emt 0:02:00]} 51. Kd4 {[%emt 0:00:00]} Rc2 {[%emt 0:00:30]} 52. Rxd3 {[%emt 0:00:00]} Rxg2 {[%emt 0:00:00]} 53. Rb3 {[%emt 0:00:30]} 1/2-1/2

[Event "8th Ali Ipek Tournament 2020"]
[Site "Ankara"]
[Date "2020.03.08"]
[Round "6.1"]
[White "Yarashov, Azat"]
[Black "Zor, Alber Kadir"]
[Result "0-1"]
[WhiteElo "2218"]
[BlackElo "2119"]
[Annotator "ChessBase"]
[PlyCount "104"]
[EventDate "2020.03.04"]
[EventType "swiss"]
[EventCountry "TUR"]
[SourceTitle "playchess.com"]
[Source "ChessBase"]
[SourceQuality "1"]
[TimeControl "5400+30"]

1. Nf3 {[%emt 0:05:30]} d5 {[%emt 0:00:30]} 2. g3 {[%emt 0:00:00]} c6 {[%emt 0:00:00]} 3. Bg2 {[%emt 0:00:00]} Bg4 {[%emt 0:00:00]} 4. h3 {[%emt 0:02:30]} Bh5 {[%emt 0:08:30]} 5. b3 {[%emt 0:04:30]} Nd7 {[%emt 0:00:30]} 6. Bb2 {[%emt 0:00:00]} Ngf6 {[%emt 0:00:30]} 7. O-O {[%emt 0:02:00]} e6 {[%emt 0:00:30]} 8. c4 {[%emt 0:00:30]} Bd6 {[%emt 0:00:30]} 9. d4 {[%emt 0:05:30]} Ne4 {[%emt 0:04:30]} 10. Qc1 {[%emt 0:00:30]} Qe7 {[%emt 0:03:30]} 11. Ba3 {[%emt 0:01:30]} a5 {[%emt 0:02:30]} 12. Bxd6 {[%emt 0:00:30]} Qxd6 {[%emt 0:00:00]} 13. Qb2 {[%emt 0:02:30]} f5 {[%emt 0:15:00]} 14. e3 {[%emt 0:07:30]} Bxf3 {[%emt 0:09:30]} 15. Bxf3 {[%emt 0:00:30]} Ndf6 {[%emt 0:00:30]} 16. Nc3 {[%emt 0:01:30]} h5 {[%emt 0:08:30]} 17. Bxe4 {[%emt 0:23:30]} fxe4 {[%emt 0:02:30]} 18. f4 {[%emt 0:00:30]} exf3 {[%emt 0:12:30]} 19. Rxf3 {[%emt 0:00:00]} O-O {[%emt 0:00:00]} 20. Raf1 {[%emt 0:01:00]} dxc4 {[%emt 0:08:00]} 21. bxc4 {[%emt 0:00:30]} e5 {[%emt 0:00:00]} 22. Ne2 {[%emt 0:05:30]} exd4 {[%emt 0:07:48]} 23. Nxd4 {[%emt 0:03:30]} Qd7 {[%emt 0:07:25]} 24. Kg2 {[%emt 0:12:31]} Ne4 {[%emt 0:01:29]} 25. Rf4 {[%emt 0:13:57]} Rxf4 {[%emt 0:01:38]} 26. Rxf4 {[%emt 0:00:08]} Re8 {[%emt 0:00:24]} 27. Qe2 {[%emt 0:00:34]} Nf6 {[%emt 0:01:08]} 28. Qf2 {[%emt 0:01:38]} c5 {[%emt 0:02:01]} 29. Nf5 {[%emt 0:01:28]} Ne4 {[%emt 0:00:01]} 30. Qb2 {[%emt 0:00:10]} Qd2+ {[%emt 0:00:15]} 31. Qxd2 {[%emt 0:01:01]} Nxd2 {[%emt 0:00:30]} 32. Rh4 {[%emt 0:01:19]} g6 {[%emt 0:00:10]} 33. Nd6 {[%emt 0:01:22]} Rxe3 {[%emt 0:00:02]} 34. Nxb7 {[%emt 0:00:53]} Re2+ {[%emt 0:00:14]} 35. Kg1 {[%emt 0:00:00]} Nf3+ {[%emt 0:01:01]} 36. Kf1 {[%emt 0:00:11]} Re7 {[%emt 0:00:00]} 37. Nxa5 {[%emt 0:00:29]} Nxh4 {[%emt 0:00:15]} 38. gxh4 {[%emt 0:00:01]} Ra7 {[%emt 0:00:21]} 39. Nb3 {[%emt 0:00:06]} Rxa2 {[%emt 0:00:45]} 40. Nxc5 {[%emt 0:00:02]} Rc2 {[%emt 0:00:00]} 41. Nd3 {[%emt 0:04:35]} Rxc4 {[%emt 0:00:18]} 42. Ne5 {[%emt 0:00:00]} Rc1+ {[%emt 0:00:39]} 43. Kg2 {[%emt 0:00:10]} Kg7 {[%emt 0:00:08]} 44. Kg3 {[%emt 0:00:15]} Rc3+ {[%emt 0:00:01]} 45. Nf3 {[%emt 0:00:02]} Kf6 {[%emt 0:00:19]} 46. Kf4 {[%emt 0:00:12]} Ra3 {[%emt 0:00:29]} 47. Ng5 {[%emt 0:00:28]} Ra4+ {[%emt 0:00:56]} 48. Kg3 {[%emt 0:00:23]} Kf5 {[%emt 0:00:23]} 49. Nf3 {[%emt 0:02:10]} Ra3 {[%emt 0:00:03]} 50. Kf2 {[%emt 0:00:43]} Kf4 {[%emt 0:00:13]} 51. Ng5 {[%emt 0:01:03]} Ra2+ {[%emt 0:00:07]} 52. Kf1 {[%emt 0:00:00]} Kg3 {[%emt 0:00:22]} 0-1

[Event "8th Ali Ipek Tournament 2020"]
[Site "Ankara"]
[Date "2020.03.08"]
[Round "6.2"]
[White "Alkan, Ferman"]
[Black "Ibik, Halit Yavuz"]
[Result "1/2-1/2"]
[WhiteElo "1858"]
[BlackElo "1991"]
[Annotator "ChessBase"]
[PlyCount "145"]
[EventDate "2020.03.04"]
[EventType "swiss"]
[EventCountry "TUR"]
[SourceTitle "playchess.com"]
[Source "ChessBase"]
[SourceQuality "1"]
[TimeControl "5400+30"]

1. c4 {[%emt 0:00:30]} e5 {[%emt 0:03:30]} 2. Nc3 {[%emt 0:00:30]} Nf6 {[%emt 0:00:30]} 3. Nf3 {[%emt 0:01:30]} Nc6 {[%emt 0:00:30]} 4. g3 {[%emt 0:00:30]} d5 {[%emt 0:00:00]} 5. cxd5 {[%emt 0:02:30]} Nxd5 {[%emt 0:00:00]} 6. d3 {[%emt 0:01:30]} Be7 {[%emt 0:00:30]} 7. Bg2 {[%emt 0:00:30]} Nb6 {[%emt 0:00:30]} 8. O-O {[%emt 0:01:30]} Be6 {[%emt 0:00:00]} 9. a3 {[%emt 0:13:30]} a5 {[%emt 0:00:00]} 10. Be3 {[%emt 0:05:30]} O-O {[%emt 0:08:30]} 11. Rc1 {[%emt 0:01:30]} a4 {[%emt 0:03:30]} 12. Bxb6 {[%emt 0:05:30]} cxb6 {[%emt 0:07:30]} 13. Nxa4 {[%emt 0:04:30]} e4 {[%emt 0:00:30]} 14. Nd2 {[%emt 0:08:30]} Bg5 {[%emt 0:05:30]} 15. e3 {[%emt 0:12:30]} exd3 {[%emt 0:00:30]} 16. Nc3 {[%emt 0:00:30]} f5 {[%emt 0:03:30]} 17. Nf3 {[%emt 0:06:30]} Bf6 {[%emt 0:02:30]} 18. Nd2 {[%emt 0:01:30]} Qd7 {[%emt 0:02:30]} 19. Qf3 {[%emt 0:06:30]} Rfd8 {[%emt 0:03:30]} 20. h4 {[%emt 0:00:30]} Ra5 {[%emt 0:24:30]} 21. Rfd1 {[%emt 0:04:30]} h6 {[%emt 0:09:30]} 22. Bh1 {[%emt 0:07:23]} g5 {[%emt 0:05:51]} 23. hxg5 {[%emt 0:02:40]} hxg5 {[%emt 0:00:02]} 24. Qg2 {[%emt 0:01:22]} Kf7 {[%emt 0:00:28]} 25. e4 {[%emt 0:00:40]} Nd4 {[%emt 0:06:40]} 26. exf5 {[%emt 0:02:26]} Rxf5 {[%emt 0:00:14]} 27. Re1 {[%emt 0:01:27]} g4 {[%emt 0:01:59]} 28. Qxb7 {[%emt 0:00:58]} Qxb7 {[%emt 0:01:26]} 29. Bxb7 {[%emt 0:00:30]} Bg5 {[%emt 0:00:00]} 30. Nce4 {[%emt 0:01:19]} Ne2+ {[%emt 0:02:53]} 31. Kg2 {[%emt 0:00:40]} Nxc1 {[%emt 0:02:03]} 32. Rxc1 {[%emt 0:00:00]} Bxd2 {[%emt 0:00:05]} 33. Nxd2 {[%emt 0:00:01]} Rc5 {[%emt 0:01:16]} 34. Rd1 {[%emt 0:00:47]} Rc2 {[%emt 0:00:31]} 35. b3 {[%emt 0:01:15]} Bd5+ {[%emt 0:01:09]} 36. Bxd5+ {[%emt 0:00:30]} Rxd5 {[%emt 0:00:00]} 37. Nc4 {[%emt 0:00:04]} d2 {[%emt 0:03:26]} 38. Kf1 {[%emt 0:00:02]} b5 {[%emt 0:02:45]} 39. Ne3 {[%emt 0:00:30]} Rc1 {[%emt 0:00:30]} 40. Ke2 {[%emt 0:00:00]} Rxd1 {[%emt 0:00:00]} 41. Kxd1 {[%emt 0:01:24]} Rd4 {[%emt 0:00:00]} 42. Nf1 {[%emt 0:00:22]} Ke6 {[%emt 0:01:51]} 43. Nxd2 {[%emt 0:00:01]} Rd8 {[%emt 0:00:16]} 44. Ke2 {[%emt 0:00:33]} Ra8 {[%emt 0:00:21]} 45. a4 {[%emt 0:02:50]} bxa4 {[%emt 0:00:30]} 46. bxa4 {[%emt 0:00:00]} Rxa4 {[%emt 0:00:12]} 47. Kf1 {[%emt 0:00:00]} Kd5 {[%emt 0:00:29]} 48. Kg2 {[%emt 0:00:00]} Kd4 {[%emt 0:00:35]} 49. Nf1 {[%emt 0:00:00]} Kd3 {[%emt 0:00:36]} 50. Nh2 {[%emt 0:00:34]} Rb4 {[%emt 0:00:46]} 51. Nf1 {[%emt 0:00:54]} Ke2 {[%emt 0:00:12]} 52. Nh2 {[%emt 0:00:00]} Ra4 {[%emt 0:00:46]} 53. Nf1 {[%emt 0:00:00]} Ra8 {[%emt 0:00:27]} 54. Nh2 {[%emt 0:00:05]} Rg8 {[%emt 0:00:00]} 55. Kg1 {[%emt 0:00:13]} Rg7 {[%emt 0:01:03]} 56. Kg2 {[%emt 0:00:01]} Ke1 {[%emt 0:00:16]} 57. Kg1 {[%emt 0:01:12]} Ke2 {[%emt 0:00:28]} 58. Kg2 {[%emt 0:00:01]} Kd3 {[%emt 0:00:29]} 59. Kg1 {[%emt 0:00:20]} Ke4 {[%emt 0:00:37]} 60. Kg2 {[%emt 0:00:02]} Kf5 {[%emt 0:00:12]} 61. Kg1 {[%emt 0:00:33]} Ra7 {[%emt 0:00:46]} 62. Kg2 {[%emt 0:00:01]} Ra8 {[%emt 0:00:00]} 63. Kg1 {[%emt 0:00:56]} Ra2 {[%emt 0:01:30]} 64. Kg2 {[%emt 0:00:06]} Ra1 {[%emt 0:00:14]} 65. Nf1 {[%emt 0:00:10]} Re1 {[%emt 0:00:28]} 66. Nh2 {[%emt 0:00:06]} Re4 {[%emt 0:00:25]} 67. Kg1 {[%emt 0:01:18]} Ke5 {[%emt 0:00:05]} 68. Kg2 {[%emt 0:00:13]} Kd4 {[%emt 0:00:10]} 69. Kg1 {[%emt 0:00:00]} Kd3 {[%emt 0:00:27]} 70. Kg2 {[%emt 0:00:37]} Ke2 {[%emt 0:00:07]} 71. Kg1 {[%emt 0:00:00]} Ke1 {[%emt 0:00:39]} 72. Kg2 {[%emt 0:00:02]} Ra4 {[%emt 0:00:37]} 73. Kg1 {[%emt 0:00:55]} 1/2-1/2

[Event "8th Ali Ipek Tournament 2020"]
[Site "Ankara"]
[Date "2020.03.08"]
[Round "6.3"]
[White "Pektas, Yigit"]
[Black "Alkan, Omer Tarik"]
[Result "1-0"]
[WhiteElo "2161"]
[BlackElo "1757"]
[Annotator "ChessBase"]
[PlyCount "83"]
[EventDate "2020.03.04"]
[EventType "swiss"]
[EventCountry "TUR"]
[SourceTitle "playchess.com"]
[Source "ChessBase"]
[SourceQuality "1"]
[TimeControl "5400+30"]

1. d4 {[%emt 0:03:30]} Nf6 {[%emt 0:00:30]} 2. Bg5 {[%emt 0:00:00]} c5 {[%emt 0:00:30]} 3. Nc3 {[%emt 0:00:00]} cxd4 {[%emt 0:00:00]} 4. Qxd4 {[%emt 0:00:30]} Nc6 {[%emt 0:00:00]} 5. Qh4 {[%emt 0:00:30]} e6 {[%emt 0:00:30]} 6. e4 {[%emt 0:00:00]} Bb4 {[%emt 0:00:00]} 7. Nge2 {[%emt 0:03:00]} Be7 {[%emt 0:00:00]} 8. O-O-O {[%emt 0:00:30]} d5 {[%emt 0:05:30]} 9. Nd4 {[%emt 0:18:30]} Nxd4 {[%emt 0:02:30]} 10. Rxd4 {[%emt 0:00:30]} e5 {[%emt 0:00:30]} 11. Bb5+ {[%emt 0:01:30]} Bd7 {[%emt 0:00:30]} 12. Bxd7+ {[%emt 0:00:30]} Qxd7 {[%emt 0:00:30]} 13. Rd3 {[%emt 0:01:30]} d4 {[%emt 0:00:30]} 14. Qg3 {[%emt 0:00:30]} Qd6 {[%emt 0:11:30]} 15. Bxf6 {[%emt 0:00:30]} gxf6 {[%emt 0:01:30]} 16. Qg7 {[%emt 0:03:30]} Rf8 {[%emt 0:07:30]} 17. Nd5 {[%emt 0:00:30]} Rc8 {[%emt 0:00:30]} 18. Kb1 {[%emt 0:00:30]} f5 {[%emt 0:06:30]} 19. Nxe7 {[%emt 0:00:30]} Kxe7 {[%emt 0:01:30]} 20. Qxh7 {[%emt 0:00:30]} Qc6 {[%emt 0:00:30]} 21. Qh4+ {[%emt 0:00:30]} f6 {[%emt 0:00:30]} 22. Rd2 {[%emt 0:01:30]} Rh8 {[%emt 0:08:30]} 23. Qg3 {[%emt 0:00:00]} Qxe4 {[%emt 0:00:30]} 24. f3 {[%emt 0:11:00]} Qe3 {[%emt 0:00:30]} 25. Qg7+ {[%emt 0:03:30]} Ke6 {[%emt 0:00:30]} 26. Rd3 {[%emt 0:01:30]} Qe2 {[%emt 0:02:30]} 27. Rc1 {[%emt 0:00:30]} Rxc2 {[%emt 0:01:30]} 28. Rxc2 {[%emt 0:00:30]} Qf1+ {[%emt 0:00:30]} 29. Rc1 {[%emt 0:00:30]} Qxd3+ {[%emt 0:00:30]} 30. Ka1 {[%emt 0:00:00]} Rc8 {[%emt 0:00:30]} 31. Rb1 {[%emt 0:01:00]} Qb5 {[%emt 0:00:30]} 32. g4 {[%emt 0:00:30]} d3 {[%emt 0:11:30]} 33. gxf5+ {[%emt 0:00:30]} Kd5 {[%emt 0:00:00]} 34. Qxf6 {[%emt 0:00:30]} Qc6 {[%emt 0:01:00]} 35. Qe7 {[%emt 0:10:30]} d2 {[%emt 0:04:30]} 36. f6 {[%emt 0:00:30]} Rc7 {[%emt 0:02:30]} 37. Qd8+ {[%emt 0:00:30]} Qd6 {[%emt 0:00:30]} 38. Qg8+ {[%emt 0:00:30]} Qe6 {[%emt 0:01:30]} 39. Qg5 {[%emt 0:01:30]} Rc2 {[%emt 0:03:30]} 40. Qe3 {[%emt 0:00:30]} Qf5 {[%emt 0:02:30]} 41. f7 {[%emt 0:02:30]} Rc7 {[%emt 0:03:30]} 42. Qe4+ {[%emt 0:00:30]} 1-0

[Event "8th Ali Ipek Tournament 2020"]
[Site "Ankara"]
[Date "2020.03.08"]
[Round "6.4"]
[White "Aydin, Aytac"]
[Black "Yaver, Faik Emre"]
[Result "0-1"]
[WhiteElo "1652"]
[BlackElo "2086"]
[Annotator "ChessBase"]
[PlyCount "86"]
[EventDate "2020.03.04"]
[EventType "swiss"]
[EventCountry "TUR"]
[SourceTitle "playchess.com"]
[Source "ChessBase"]
[SourceQuality "1"]
[TimeControl "5400+30"]

1. d4 {[%emt 0:00:30]} d5 {[%emt 0:00:30]} 2. Nf3 {[%emt 0:00:30]} e6 {[%emt 0:00:30]} 3. c4 {[%emt 0:00:00]} a6 {[%emt 0:00:30]} 4. g3 {[%emt 0:01:00]} dxc4 {[%emt 0:02:30]} 5. a4 {[%emt 0:02:30]} c5 {[%emt 0:01:30]} 6. Bg2 {[%emt 0:09:30]} Nc6 {[%emt 0:02:30]} 7. e3 {[%emt 0:05:30]} cxd4 {[%emt 0:04:30]} 8. Nxd4 {[%emt 0:04:30]} Bd7 {[%emt 0:17:30]} 9. O-O {[%emt 0:01:30]} Bb4 {[%emt 0:02:30]} 10. Bd2 {[%emt 0:02:30]} Bc5 {[%emt 0:08:30]} 11. Bc3 {[%emt 0:00:30]} Nf6 {[%emt 0:00:30]} 12. Na3 {[%emt 0:05:30]} O-O {[%emt 0:04:30]} 13. Nxc6 {[%emt 0:08:30]} Bxc6 {[%emt 0:00:30]} 14. Bxc6 {[%emt 0:00:30]} bxc6 {[%emt 0:00:00]} 15. Nxc4 {[%emt 0:15:30]} Ne4 {[%emt 0:06:00]} 16. Qc2 {[%emt 0:01:30]} Qd5 {[%emt 0:01:30]} 17. Nd2 {[%emt 0:03:30]} Nxc3 {[%emt 0:00:30]} 18. Qxc3 {[%emt 0:00:30]} Rab8 {[%emt 0:02:30]} 19. Rfd1 {[%emt 0:00:30]} Rfd8 {[%emt 0:00:30]} 20. Nb3 {[%emt 0:04:30]} Qxd1+ {[%emt 0:02:30]} 21. Rxd1 {[%emt 0:00:30]} Rxd1+ {[%emt 0:00:00]} 22. Kg2 {[%emt 0:00:30]} Be7 {[%emt 0:01:00]} 23. Nd4 {[%emt 0:00:30]} Bf6 {[%emt 0:02:30]} 24. Qc2 {[%emt 0:01:30]} Ra1 {[%emt 0:01:30]} 25. Qxc6 {[%emt 0:03:30]} g6 {[%emt 0:08:30]} 26. b3 {[%emt 0:13:10]} Bxd4 {[%emt 0:03:30]} 27. exd4 {[%emt 0:00:00]} Rd1 {[%emt 0:01:30]} 28. Qxa6 {[%emt 0:01:52]} Rxb3 {[%emt 0:04:30]} 29. Qc8+ {[%emt 0:03:38]} Kg7 {[%emt 0:00:00]} 30. Qc2 {[%emt 0:01:39]} Rdb1 {[%emt 0:02:14]} 31. Qa2 {[%emt 0:03:35]} R1b2 {[%emt 0:01:47]} 32. Qa1 {[%emt 0:00:28]} Rd2 {[%emt 0:02:40]} 33. d5+ {[%emt 0:00:51]} Rbb2 {[%emt 0:00:02]} 34. Qe1 {[%emt 0:04:57]} Re2 {[%emt 0:01:48]} 35. Qc3+ {[%emt 0:01:02]} e5 {[%emt 0:00:11]} 36. Qc5 {[%emt 0:00:32]} e4 {[%emt 0:02:17]} 37. Kf1 {[%emt 0:00:17]} e3 {[%emt 0:01:55]} 38. fxe3 {[%emt 0:00:48]} Rec2 {[%emt 0:00:52]} 39. Qd4+ {[%emt 0:00:13]} f6 {[%emt 0:00:00]} 40. Qd1 {[%emt 0:01:21]} Rxh2 {[%emt 0:00:00]} 41. Kg1 {[%emt 0:00:27]} Rbg2+ {[%emt 0:00:18]} 42. Kf1 {[%emt 0:00:00]} Rh1+ {[%emt 0:00:12]} 43. Kxg2 {[%emt 0:00:08]} Rxd1 {[%emt 0:00:00]} 0-1